| 000 | 00976nam a22003017a 4500 | ||
|---|---|---|---|
| 001 | 8254 | ||
| 003 | FISKH | ||
| 005 | 20250905101849.0 | ||
| 008 | 250905b cb ||||| |||| 00| 0 eng d | ||
| 020 | _a9780395816585 | ||
| 040 |
_aFISKH _beng _cFISKH _dFISKH |
||
| 050 | _aPZ8.S5334 S | ||
| 082 | _a823.914 | ||
| 100 | _aShaw, Nancy | ||
| 245 |
_aSheep take a hike / _cBy Nancy Shaw : Illustrated by Margot Apple |
||
| 260 |
_aBoston : _bHoughton Mifflin Company , _c1994. |
||
| 300 |
_a32 unnumbered pages : _bcolor illustrations ; _c20 x 20 cm . |
||
| 490 | _aSheep | ||
| 505 | _aG | ||
| 520 | _aHaving gotten lost on a chaotic hike in the great outdoors, the sheep find their way back by following the trail of wool they have left. | ||
| 521 | 8 |
_a400
_bLexile estimate |
|
| 521 | 8 |
_aG
_bRaz-Plus |
|
| 650 |
_aSheep _vFiction |
||
| 650 |
_aHiking _vFiction |
||
| 700 |
_aApple, Margot _dIllustrator |
||
| 942 |
_2ddc _cBK _n0 |
||
| 999 |
_c8254 _d8254 |
||